000 00316nam a22001337a 4500
008 180213b xxu||||| |||| 00| 0 eng d
020 _a9781403198891
041 _aeng
080 _a82
100 _a21
101 _aGJL
245 _aHumanitarian education, literacy& civilization
_cHubbard,R.L
942 _2udc
_cBK
999 _c42331
_d42331